000 00938nam a22002177a 4500
999 _c432
_d432
003 AR-CdUCM
008 190223b ||||| |||| 00| 0 spa d
040 _aMUNICIPALIDAD PROVINCIAL DEL CUSCO
_cBIBLIOTECA MUNICIPAL DEL CUSCO
082 _a348.31 /
_bB42
100 _aBenavides Correa, Alfonso
_91699
245 _aEl petroleo peruano :
_b... ó la autopsia de un clan /
260 _aLima :
_bTalleres industrial gráfica,
_c1961.
300 _a187 páginas ;
_c16.5 cm.
500 _aDonación familia Nieto
505 _aContenido: El país petrolero que mendiga energía y desarrollo -- Patria, petróleo y anti-patria -- Un clan que esta traicionando al Perú -- La opinión del doctor Bustamante y Rivero -- Los países dependientes y la defensa de ilícitas posiciones petroleras
650 _aPetroleo
_91700
650 _aEconomía
_9382
650 _aBrea y Pariñas
_91701
942 _2ddc
_cLIBROS
945 _aafb
_d2019-02-23